Normal view
MARC view
Entry Personal Name
001 - CONTROL NUMBER
- control field: 17903
003 - CONTROL NUMBER IDENTIFIER
- control field: ARRUPE
005 - DATE AND TIME OF LATEST TRANSACTION
- control field: 20150520165658.0
008 - FIXED-LENGTH DATA ELEMENTS
- fixed length control field: 150520|| aca||aabn | a|a d
040 ## - CATALOGING SOURCE
- Original cataloging agency: ARRUPE
- Transcribing agency: ARRUPE
100 ## - HEADING--PERSONAL NAME
- Personal name: Bricker, Phillip.
670 ## - SOURCE DATA FOUND
- Source citation: Work cat.: (ARRUPE)0: Philosophical perspectives on Newtonian science /, c1990.